[Event "CHN-chT 2nd"]
[Site "China"]
[Date "2006.04.25"]
[Round "4"]
[White "Hou, Yifan"]
[Black "Zhang, Xiaowen"]
[Result "1-0"]
[WhiteElo "2298"]
[BlackElo "2155"]
[PlyCount "75"]
[EventDate "2006.04.04"]
[EventType "team-tourn"]
[EventRounds "18"]
[EventCountry "CHN"]
[SourceTitle "EXT 2017"]
[Source "ChessBase"]
[SourceDate "2016.10.25"]
[SourceVersion "1"]
[SourceVersionDate "2016.10.25"]
[SourceQuality "1"]
[WhiteTeam "Shandong"]
[BlackTeam "Heibei"]
[WhiteTeamCountry "CHN"]
[BlackTeamCountry "CHN"]

1. e4 e6 2. d4 d5 3. Nc3 Nf6 4. e5 Nfd7 5. f4 c5 6. Nf3 Nc6 7. Be3 a6 8. Qd2 b5
9. a3 Bb7 (9... Qa5 10. Be2 b4 11. Nd1 bxa3 12. Qxa5 Nxa5 13. dxc5 Nc4 14. b4
a5 15. Bxc4 dxc4 16. Rxa3 Rb8 17. Rxa5 Rxb4 18. c3 Rb3 19. Nd2 Bb7 20. Nxb3
cxb3 21. O-O Be7 22. Nb2 O-O 23. Rd1 Bc6 24. Rxd7 Bxd7 25. Ra7 Bc6 26. Rxe7 Ra8
27. Rc7 Be4 28. c6 g5 29. Ra7 {1-0 (29) Vallejo Pons,F (2706)-Ponkratov,P 
(2620) Moscow 2015}) 10. Qf2 Qa5 11. Rb1 b4 $146 (11... g5 12. fxg5 cxd4 13.
Nxd4 Ncxe5 14. Be2 Bg7 15. O-O O-O 16. Qg3 Nc4 17. Bxc4 dxc4 18. Rbd1 b4 19.
axb4 Qxb4 20. Nce2 Nc5 21. c3 Qa5 22. Qh3 Ne4 23. Nf4 e5 24. g6 hxg6 25. Nxg6 {
1/2-1/2 (25) Pietruske,S (2261)-Eberl,H (2321) ICCF email 2009}) 12. axb4 Qxb4
13. Bd3 cxd4 14. Nxd4 Nxd4 15. Bxd4 Bc5 16. Bxc5 Nxc5 17. O-O O-O 18. Ne2 a5
19. Nd4 Ba6 $2 (19... Nxd3 $8) 20. Bxh7+ Kxh7 21. Nc6 Qb7 22. Qh4+ Kg8 23. Ne7+
Qxe7 24. Qxe7 Bxf1 25. Qxc5 Rfc8 26. Qf2 Bc4 27. b3 Bb5 28. f5 exf5 29. Qxf5
Rc6 30. c4 Bxc4 31. bxc4 dxc4 32. Qd7 Re6 33. Rf1 Rxe5 34. Rxf7 Rg5 35. h4 Rg6
36. Qd5 Raa6 37. Rf6+ Kh7 38. Qh5+ 1-0

[Event "CHN-chT 2nd"]
[Site "China"]
[Date "2006.10.24"]
[Round "11"]
[White "Li, Ruofan"]
[Black "Hou, Yifan"]
[Result "1/2-1/2"]
[WhiteElo "2391"]
[BlackElo "2298"]
[PlyCount "86"]
[EventDate "2006.04.04"]
[EventType "team-tourn"]
[EventRounds "18"]
[EventCountry "CHN"]
[SourceTitle "EXT 2017"]
[Source "ChessBase"]
[SourceDate "2016.10.25"]
[SourceVersion "1"]
[SourceVersionDate "2016.10.25"]
[SourceQuality "1"]
[WhiteTeam "Guangdongc"]
[BlackTeam "Shandong"]
[WhiteTeamCountry "CHN"]
[BlackTeamCountry "CHN"]

1. Nf3 c5 2. c4 Nf6 3. d4 cxd4 4. Nxd4 e6 5. Nc3 Nc6 6. g3 (6. Ndb5) (6. a3)
6... Bc5 7. Nb3 Be7 8. Bg2 O-O 9. O-O b6 $1 (9... d6 $143 10. Bf4 {[%csl Rd6]}
a6 11. Rc1 $14 Qc7 12. Nd5 exd5 13. cxd5 Bd7 14. dxc6 bxc6 15. Nd4 c5 16. b4
Qa7 17. Bxa8 Qxa8 18. Nf3 Bh3 19. Re1 Nd5 20. Bxd6 Bxd6 21. e4 Nxb4 22. Qxd6
Rd8 23. Qxc5 Nd3 24. Qh5 Qa7 25. Re3 Nxc1 26. Qxh3 Nxa2 27. e5 Nb4 28. e6 fxe6
29. Ng5 Rd1+ 30. Kg2 Qa8+ 31. Rf3 h6 32. Qxe6+ Kh8 33. Nf7+ Kh7 34. Qf5+ Kg8
35. Nxh6+ gxh6 36. Qg6+ Kh8 37. Qxh6+ Kg8 38. Qg6+ Kh8 39. Qh5+ {Adhiban,B 
(2674)-Bacrot,E (2697) Berlin 2015 1-0}) 10. Nd5 $1 {Reprenant l'idée d'une
vieille partie} Ba6 $146 (10... exd5 11. cxd5 {Gheorghiu,F (2545)-Taimanov,M 
(2500) Hoogovens Wijk aan Zee 1981 (7) 1/2}) 11. Nxe7+ Qxe7 12. Bf4 {[%csl Rd6]
} (12. Nd2 d5 13. Qa4 Bb7 14. b3 Rfd8 15. Ba3 Qd7 16. cxd5 Nxd5 17. Rfc1 e5 18.
e3 h6 19. Ne4 Ncb4 20. Bxb4 Qxa4 21. bxa4 Nxb4 22. Nf6+ gxf6 23. Bxb7 Rab8 24.
Rc7 Nd5 25. Bxd5 Rxd5 26. Rxa7 Ra5 27. Rxa5 bxa5 28. Rc1 Rb4 29. a3 Rxa4 30.
Rc3 f5 31. f4 f6 32. Kf2 Kg7 33. Ke2 Kg6 34. Kd3 h5 35. Ke2 h4 36. Kf3 hxg3 37.
hxg3 Kg7 38. Kg2 Kg6 39. Kh3 Re4 40. Kg2 Ra4 41. Kf3 Kg7 {Morozevich,A (2758)
-Leko,P (2744) Zug 2013 1/2-1/2}) 12... e5 13. Bg5 Bxc4 14. Nd2 Be6 15. f4 d5
16. fxe5 Nxe5 17. Bxf6 gxf6 18. Nb3 $44 {[%cal Gb3d4,Gd4e6,Gd4f5]} Rac8 19. Qd2
Rfd8 (19... Nc4) 20. Rf4 Ng6 21. Rf2 Rc4 22. Nd4 Ne5 23. e3 Ng4 24. Rf4 f5 (
24... Kh8) 25. Bf1 Rc7 26. Bd3 Nh6 27. Raf1 Re8 28. Rh4 Qg5 29. Nf3 Qg7 30. Rh5
Kh8 31. Nh4 (31. Ng5) 31... Rce7 32. Bxf5 {Regagne le P mais la finale de
pièces lourdes donne est probablement nulle} Nxf5 33. Nxf5 Bxf5 34. Rhxf5 Qh6
35. Qd4+ Kg8 36. R1f4 $1 {[%csl Rh6][%cal Gf4h4]} Rxe3 37. Rh4 (37. Rf2 Re1+
38. Kg2) 37... Re1+ 38. Kg2 R1e4 39. Qxd5 Qe6 40. Rg5+ Kf8 41. Rxe4 Qxe4+ 42.
Qxe4 Rxe4 43. Kf3 Re6 1/2-1/2

[Event "CHN-chT 2nd"]
[Site "China"]
[Date "2006.11.14"]
[Round "14"]
[White "Hou, Yifan"]
[Black "Xu, Tong"]
[Result "1-0"]
[WhiteElo "2298"]
[BlackElo "2172"]
[PlyCount "69"]
[EventDate "2006.04.04"]
[EventType "team-tourn"]
[EventRounds "18"]
[EventCountry "CHN"]
[SourceTitle "EXT 2017"]
[Source "ChessBase"]
[SourceDate "2016.10.25"]
[SourceVersion "1"]
[SourceVersionDate "2016.10.25"]
[SourceQuality "1"]
[WhiteTeam "Shandong"]
[BlackTeam "Tianjing"]
[WhiteTeamCountry "CHN"]
[BlackTeamCountry "CHN"]

1. e4 c5 2. Nf3 Nc6 3. d4 cxd4 4. Nxd4 g6 5. c4 Nf6 6. Nc3 Nxd4 7. Qxd4 d6 8.
Bg5 (8. Be3) 8... Bg7 9. Qd2 O-O 10. Rc1 (10. Bd3 a5 11. O-O a4 12. Rfe1 Bd7
13. Rab1 Re8 14. h3 Qa5 15. b4 axb3 16. axb3 Qb4 17. Qc2 Be6 18. Bd2 Qc5 19.
Be3 Qb4 20. Nb5 Rec8 21. f4 Bd7 22. Nc3 Bc6 23. Ne2 Nd7 24. Nd4 Nc5 25. Kh2 Ra3
26. Bg1 Rca8 27. Bf1 Ra2 28. Nxc6 bxc6 29. Qd1 Ne6 30. Qf3 Nd4 31. Qg3 Rc2 32.
e5 dxe5 33. fxe5 c5 34. Bxd4 cxd4 35. Ra1 Rxa1 36. Rxa1 Qb8 37. Re1 Rc3 38. Qf4
Rxb3 39. Qxd4 e6 {Carlsen,M (2837)-Topalov,V (2752) Astana 2012 1/2-1/2}) 10...
a5 (10... Be6 11. Be2 Qa5 12. b3 Rac8 13. f3 a6 14. Na4 Qxd2+ 15. Kxd2) 11. Bd3
a4 12. O-O Be6 13. f4 $146 (13. Qc2 Nd7 14. f4 {Portisch,L (2645)-Reshevsky,S 
(2565) Petropolis Interzonal 1973 (14) 1-0}) 13... Qb6+ 14. Kh1 Rfc8 15. f5
Bxc4 16. Bxc4 Rxc4 17. fxg6 hxg6 18. Nd5 (18. Bxf6 Bxf6 19. Nd5 Qxb2 20. Qxb2
Bxb2 21. Rb1 a3 22. Nxe7+) 18... Rxc1 19. Nxe7+ Kf8 $6 (19... Kh7 20. Qxc1 $11)
20. Qxc1 Qd4 (20... Kxe7 21. Qc3 d5 {[%cal Gb6f6]} 22. e5 $36) 21. Bxf6 Bxf6
22. Nd5 Bd8 23. Qf4 $36 Qg7 24. Qxd6+ Kg8 25. e5 Bg5 26. e6 (26. Nf6+) 26...
fxe6 27. Qxe6+ Kh8 28. Nf4 Rg8 29. Rf3 Bh6 30. Rh3 a3 31. Nxg6+ Kh7 32. Rg3 Rd8
$1 $13 {[%csl Rh1]} 33. Qe1 axb2 $4 (33... Qd7 $8) 34. Nf4 Bxf4 35. Qb1+ 1-0

[Event "Condom op 5th"]
[Site "Condom"]
[Date "2006.07.11"]
[Round "5"]
[White "Houard, Yannick"]
[Black "Rouede, Gilbert"]
[Result "1-0"]
[WhiteElo "2037"]
[BlackElo "1825"]
[PlyCount "51"]
[EventDate "2006.07.08"]
[EventType "swiss"]
[EventRounds "9"]
[EventCountry "FRA"]
[SourceTitle "CBM 113 Extra"]
[Source "ChessBase"]
[SourceDate "2006.09.14"]
[SourceVersion "1"]
[SourceVersionDate "2006.09.14"]
[SourceQuality "1"]

1. e4 c5 2. Nf3 d6 3. d4 cxd4 4. Nxd4 Nf6 5. Nc3 a6 6. Be2 e6 7. O-O Be7 8. f4
Nc6 9. Kh1 Qc7 10. a4 Bd7 11. Be3 O-O 12. Nb3 Na5 13. e5 Ne8 14. Nxa5 Qxa5 15.
Bf3 d5 16. f5 Bc6 17. Bg4 exf5 18. Bxf5 g6 19. Bh3 Ng7 20. Bh6 Rad8 21. Qd4 Qb4
22. Ne2 Qc5 23. c3 b5 24. Rf6 bxa4 25. Qxc5 Bxc5 26. Rxc6 1-0

[Event "Condom op 5th"]
[Site "Condom"]
[Date "2006.07.12"]
[Round "6"]
[White "Doluhanova, Evgeniya"]
[Black "Houard, Yannick"]
[Result "1/2-1/2"]
[WhiteElo "2231"]
[BlackElo "2037"]
[PlyCount "75"]
[EventDate "2006.07.08"]
[EventType "swiss"]
[EventRounds "9"]
[EventCountry "FRA"]
[SourceTitle "CBM 113 Extra"]
[Source "ChessBase"]
[SourceDate "2006.09.14"]
[SourceVersion "1"]
[SourceVersionDate "2006.09.14"]
[SourceQuality "1"]

1. e4 e6 2. d4 d5 3. Nc3 Nf6 4. e5 Nfd7 5. f4 c5 6. Nf3 Nc6 7. Ne2 Qb6 8. c3
Be7 9. g3 f5 10. Bg2 Nf8 11. O-O Bd7 12. Kh1 h6 13. dxc5 Bxc5 14. b4 Be7 15.
Ned4 Nxd4 16. Nxd4 Bb5 17. Re1 h5 18. Be3 Qa6 19. a4 Bc4 20. Bf3 g6 21. a5 Bb5
22. Qd2 Kf7 23. Qg2 Bd3 24. b5 Bxb5 25. Bxd5 exd5 26. Qxd5+ Ne6 27. Qxb5 Qxb5
28. Nxb5 a6 29. Nd6+ Bxd6 30. exd6 Rhd8 31. Rad1 Rd7 32. c4 Rc8 33. c5 Nxc5 34.
Bxc5 Rxc5 35. Re5 Rc6 36. Red5 Ke6 37. Re5+ Kf7 38. Red5 1/2-1/2

[Event "Condom op 5th"]
[Site "Condom"]
[Date "2006.07.13"]
[Round "7"]
[White "Houard, Yannick"]
[Black "Vinsot, Robin Gael"]
[Result "1/2-1/2"]
[WhiteElo "2037"]
[BlackElo "2181"]
[PlyCount "56"]
[EventDate "2006.07.08"]
[EventType "swiss"]
[EventRounds "9"]
[EventCountry "FRA"]
[SourceTitle "CBM 113 Extra"]
[Source "ChessBase"]
[SourceDate "2006.09.14"]
[SourceVersion "1"]
[SourceVersionDate "2006.09.14"]
[SourceQuality "1"]

1. e4 e5 2. Nf3 Nc6 3. Bb5 a6 4. Ba4 d6 5. c3 g6 6. O-O Bg7 7. Re1 Nge7 8. h3
O-O 9. d4 h6 10. Be3 Kh7 11. dxe5 Nxe5 12. Nxe5 Bxe5 13. Nd2 f5 14. Nf3 Bg7 15.
Bd4 fxe4 16. Bxg7 Kxg7 17. Rxe4 Nf5 18. Nd4 Nxd4 19. Qxd4+ Qf6 20. Qxf6+ Rxf6
21. Re7+ Rf7 22. Re8 d5 23. Rae1 b5 24. Bc2 Bb7 25. Rxa8 Bxa8 26. Re6 Rf6 27.
Re7+ Rf7 28. Re6 Rf6 1/2-1/2

[Event "FRA-ch Accession"]
[Site "Besancon"]
[Date "2006.08.18"]
[Round "4"]
[White "Kozal, Alexis"]
[Black "Houard, Yannick"]
[Result "1/2-1/2"]
[WhiteElo "2169"]
[BlackElo "2037"]
[PlyCount "104"]
[EventDate "2006.08.15"]
[EventType "swiss"]
[EventRounds "10"]
[EventCountry "FRA"]
[SourceTitle "CBM 113 Extra"]
[Source "ChessBase"]
[SourceDate "2006.09.14"]
[SourceVersion "1"]
[SourceVersionDate "2006.09.14"]
[SourceQuality "1"]

1. d4 d5 2. c4 c6 3. Nf3 Nf6 4. Nc3 dxc4 5. e4 b5 6. e5 Nd5 7. a4 h6 8. Nd2
Nxc3 9. bxc3 Be6 10. Be2 Bd5 11. O-O e6 12. f4 Be7 13. Bf3 b4 14. Ne4 a5 15.
Qe2 Nd7 16. Bd2 Nb6 17. f5 Qd7 18. cxb4 axb4 19. a5 Nc8 20. f6 gxf6 21. Bxb4
Bxe4 22. Bxe4 f5 23. Bf3 Bxb4 24. Qxc4 Ne7 25. Qxb4 O-O 26. Rfc1 Rfd8 27. Ra4
Rab8 28. Qc4 Qa7 29. Kh1 Rb5 30. Qc3 Ra8 31. Rca1 Rab8 32. h3 Rb3 33. Qd2 Kg7
34. Rc4 Rd8 35. Qf2 Qa6 36. Rc5 Rb4 37. Rd1 Ra4 38. Qh4 Rd7 39. Qf6+ Kg8 40.
Bh5 Nd5 41. Qxh6 Ra3 42. Rb1 Rb7 43. Bxf7+ Kxf7 44. Qh7+ Ke8 45. Qxb7 Qe2 46.
Qxc6+ Kf7 47. Rb7+ Kg6 48. Qxe6+ Kg5 49. Rg7+ Kf4 50. Qxd5 Ra1+ 51. Kh2 Rh1+
52. Kxh1 Qe1+ 1/2-1/2

[Event "Moscow Aeroflot op-A"]
[Site "Moscow"]
[Date "2007.02.17"]
[Round "4"]
[White "Korotylev, Alexey"]
[Black "Hou, Yifan"]
[Result "1-0"]
[WhiteElo "2615"]
[BlackElo "2509"]
[Annotator "Reeh,O"]
[PlyCount "85"]
[EventDate "2007.02.14"]
[EventType "swiss"]
[EventRounds "9"]
[EventCountry "RUS"]
[SourceTitle "CBM 117"]
[Source "ChessBase"]
[SourceDate "2007.03.30"]
[SourceVersion "1"]
[SourceVersionDate "2007.03.30"]
[SourceQuality "1"]

1. d4 Nf6 2. c4 e6 3. Nf3 b6 4. Nc3 Bb4 5. Qb3 c5 6. a3 Bxc3+ 7. Qxc3 d6 8. e3
O-O 9. Be2 Nbd7 10. O-O Bb7 11. b4 Ne4 12. Qb3 Rb8 13. Bb2 d5 14. Rad1 Qe7 15.
Qa4 cxb4 16. cxd5 Bxd5 17. axb4 Rfc8 18. b5 (18. Qxa7 $4 {[%tqu "En","30
second to find what?","","","b8a8","Trapping the queen!",5,"De","30 Sekunden,
um was zu finden?","","","b8a8","Und die Dame ist gefangen!",5]} Ra8) 18... Rb7
19. Rc1 Rbc7 20. Rxc7 Rxc7 21. Ra1 h6 22. Bf1 Qd8 23. Qd1 Qc8 24. Rc1 Rxc1 25.
Qxc1 Qxc1 26. Bxc1 {In this endgame White is slightly better: he has the two
bishops, and since his pawn on b5 is blocking the two black pawns on the
queenside he is practically one pawn up on the other wing. In diesem Endspiel
steht Weiß etwas besser: Er hat das Läuferpaar, und da sein Bauer b5 die
beiden schwarzen Bauern am Damenflügel lahmlegt, hat er am anderen Flügel
praktisch einen Bauern mehr.} f5 27. Ba3 Kf7 28. Bb4 g5 29. Ne1 e5 30. f3 Nef6
31. dxe5 Nxe5 32. Bc3 Ke6 $6 ({Better was Besser war} 32... Nc4 33. Kf2 Nd6 {
threatening 34...Bc4. mit der Drohung 34...Lc4.}) 33. Nc2 Kd6 34. Bb4+ Kd7 35.
Nd4 f4 (35... Be6 36. Bf8) 36. exf4 gxf4 {Now Black's kingside pawns are weak.
Nun sind die schwarzen Königsflügelbauern weich.} 37. Bd2 Nh5 {Knight on the
edge... Springer am Rand...} 38. Ne2 Nd3 {[%tqu "En","How would you continue
with White?","The black knight on d3 restricts White's play, yet it is
unprotected. If White could take it, his bishops would dominate the board,
particularly in view of weak of Black's weak kingside.","Force the exchange of
the knight d3!","d2c3","The game continuation, which lets Black back into the
game.",0,"e2g3","Excellent!  After this both black knights are attacked, and
after the forced capture on g3 White takes on d3 with huge advantage.",15,"De",
"Wie würden Sie mit Weiß fortsetzen?","Der schwarze Springer auf d3 schränkt
das weiße Spiel ein, doch er ist ungedeckt. Wenn Weiß ihn beseitigen könnte,
würde sein Läuferpaar das Brett beherrschen, vor allem im Hinblick auf den
schwachen schwarzen Königsflügel.","Erzwingen Sie den Abtausch des Sd3!",
"d2c3","Die Partiefortsetzung, die Schwarz wieder in die Partie lässt.",0,
"e2g3","Ausgezeichnet!  Danach sind beide schwarzen Springer angegriffen, und
nach dem erzwungenen Schlagen auf g3 nimmt Weiß auf d3, mit riesigem Vorteil.",
15]} 39. Bc3 $2 ({With Mit} 39. Ng3 $1 fxg3 (39... Nxg3 40. Bxd3 Nh5 41. Bg6
$16) 40. Bxd3 {White could have forced a very welcome knight exchange, which
in the end would have won the h6 pawn. hätte Weiß einen sehr willkommenen
Springertausch forcieren können, nach dem letztlich der Bauer h6 fallen würde.}
) (39. Nc3 {would yield nothing because of wäre dagegen unergiebig wegen} Bc4)
39... Bc4 $4 {Now another knight move decides the day. Nun entscheidet ein
anderer Springerzug den Tag.} (39... Kd6 $1 {would have brought Black back
into the game. hätte Schwarz wieder ins Spiel gebracht.}) {[%tqu "En","With
his last move Black has attacked the pawn on b5. How should White continue?",
"The bishop on c4 is unprotected.","Find a move which forces the knight on d3
to leave the diagonal f1-c4.","e2c1","Very nice!  Black's knight on d3 is
attacked twice, so it has to leave the diagonal f1-c4 after which the bishop
on c4 falls.",10,"De","Mit seinem letzten Zug hat Schwarz den Bauern auf b5
angegriffen. Wie soll Weiß fortsetzen?","Der Läufer auf c4 ist ungedeckt.",
"Finden Sie einen Zug, der den schwarzen Springer auf d3 zwingt, die Diagonale
f1-c4 zu verlassen.","e2c1","Sehr schön!  Der schwarze Springer auf d3 ist
zweimal angegriffen und muss daher die Diagonale f1-c4 aufgeben, wonach der
Läufer auf c4 fällt.",10]} 40. Nc1 $1 {Clearing the short (and very crowded!)
diagonal f1-c4, after which White's bishop pair absolutely dominates the two
black knights. Räumt die kurze (und sehr volle!) Diagonale f1-c4, wonach das
weiße Läuferpaar das schwarze Springerpaar eindrucksvoll dominiert.} Nxc1 ({
The attempt to unpin the knight with Der Versuch der Entfesselung mit} 40...
Ne5 {(with the idea 41.Bxc4 Nxc4) simply fails to (mit der Idee 41.Bxc4 Nxc4)
scheitert einfach an} 41. Bxe5 {, since the Bf1 is protected. With the white
king on h1, for example, this would be a nice counter trick! , da der Bf1
gedeckt ist. Mit dem weißen König auf h1, beispielsweise, wäre dies ein
schöner Gegentrick!}) 41. Bxc4 {Now both black knights are trapped on the edge
of the board! Nun sind beide schwarzen Springer am Brettrand gefangen!} Kd6 {
Too late... Zu spät...} 42. Bd4 a5 43. bxa6 1-0

[Event "CHN-chT 3rd"]
[Site "China"]
[Date "2007.04.24"]
[Round "1"]
[White "Dzagnidze, Nana"]
[Black "Hou, Yifan"]
[Result "1/2-1/2"]
[WhiteElo "2429"]
[BlackElo "2513"]
[PlyCount "156"]
[EventDate "2007.04.??"]
[EventType "team-tourn"]
[EventRounds "18"]
[EventCountry "CHN"]
[SourceTitle "EXT 2017"]
[Source "ChessBase"]
[SourceDate "2016.10.25"]
[SourceVersion "1"]
[SourceVersionDate "2016.10.25"]
[SourceQuality "1"]

1. Nf3 c5 2. c4 Nc6 3. Nc3 Nd4 $5 4. e3 Nxf3+ 5. Qxf3 d6 (5... g6) 6. d4 g6
$146 (6... Nf6 {Kramnik,V (2751)-Sokolov,I (2610) Hoogovens 5' blitz 1999 (11)
1-0}) 7. d5 Bg7 8. e4 Nf6 9. Bd3 O-O 10. O-O e6 11. Bg5 h6 12. Bh4 exd5 13.
exd5 g5 14. Bg3 Ng4 15. Bf5 Ne5 16. Bxe5 Bxe5 17. Ne4 $5 {[%csl Ge4]} Bxf5 (
17... Bxb2 $6 18. Rab1 Bg7 19. Bxc8 Rxc8 (19... Qxc8 20. Nxd6) 20. Rxb7) 18.
Qxf5 Qc8 19. Nf6+ Kg7 20. Nh5+ Kh8 21. Qc2 Qg4 22. Ng3 f5 $13 23. h3 Qf4 {
[%cal Gh6h4]} 24. Rae1 h5 $36 25. Re3 g4 26. Rfe1 gxh3 27. Qe2 Qg4 28. gxh3
Qxe2 29. Nxe2 Rf7 30. b3 (30. f4 Rg7+ 31. Kh1 Rag8) 30... f4 31. Rf3 a6 32. Nc1
Kg7 33. Nd3 Rf5 34. Re4 Raf8 35. a3 b5 36. b4 bxc4 37. Rxc4 Bd4 38. bxc5 dxc5
39. Nxc5 Bxc5 40. Rxc5 Re8 41. Kf1 Rd8 42. Rd3 Rd7 43. Ke2 f3+ 44. Rxf3 Rfxd5
45. Rxd5 Rxd5 46. Ke3 Kg6 47. Ke4 Rd2 48. Kf4 a5 49. Rg3+ Kf6 50. Rf3 Kg6 51.
Kg3 a4 52. Rc3 Rb2 53. Rc6+ Kf5 54. Rc5+ Kg6 55. Re5 Rb3+ 56. Re3 Kf5 57. Kf3
Rb1 58. Rd3 Rh1 59. Kg2 Ra1 60. Kg3 Ra2 61. Rf3+ Kg5 62. h4+ Kg6 63. Rc3 Rb2
64. Rc6+ Kf7 65. Rh6 Rb3+ 66. f3 Rxa3 67. Rxh5 Ra1 68. Ra5 a3 {[%cal Ga3a2,
Ga1g1]} 69. Kf4 $1 a2 {[%csl Ra1]} 70. Ra6 Rh1 71. Rxa2 Rxh4+ 72. Kg5 Rb4 73.
Ra7+ Kf8 74. Ra6 Kf7 $11 75. f4 Rb1 76. Ra7+ Kf8 77. Rc7 Rb6 78. f5 Ra6 1/2-1/2

[Event "CHN-chT 3rd"]
[Site "China"]
[Date "2007.04.25"]
[Round "2"]
[White "Hou, Yifan"]
[Black "Wang, Doudou"]
[Result "1-0"]
[WhiteElo "2513"]
[BlackElo "2156"]
[PlyCount "73"]
[EventDate "2007.04.??"]
[EventType "team-tourn"]
[EventRounds "18"]
[EventCountry "CHN"]
[SourceTitle "EXT 2017"]
[Source "ChessBase"]
[SourceDate "2016.10.25"]
[SourceVersion "1"]
[SourceVersionDate "2016.10.25"]
[SourceQuality "1"]

1. e4 c5 2. Nc3 Nc6 3. Bb5 g6 4. Bxc6 dxc6 (4... bxc6 $142 5. d3 Bg7 6. f4 d6
7. Nf3 Nf6) 5. d3 Bg7 6. Be3 b6 7. Qd2 e5 8. f4 Nf6 9. fxe5 Ng4 10. Nf3 (10.
Bg5) 10... Nxe5 11. O-O-O $32 O-O 12. Bh6 Qd6 13. h4 $36 Bxh6 14. Qxh6 Ng4 15.
Qd2 h5 {[%csl Rg5]} 16. Rhf1 Kg7 17. Ne2 $1 {[%cal Ge2f4,Gf4h5]} f6 18. Nf4 Ne5
19. Kb1 Bg4 20. c3 b5 21. d4 Nc4 22. Qc1 cxd4 23. cxd4 (23. Rxd4) 23... Qc7 24.
Nh2 $1 Rae8 (24... Bxd1 25. Rxd1 Rad8 26. g4 $13) 25. Nxg4 hxg4 26. b3 Nd6 27.
d5 $1 {[%csl Rc6,Gd5][%cal Gf4e6]} Nxe4 28. Ne6+ Rxe6 29. dxe6 Qe5 30. Rd7+ Kg8
31. Qh6 Nc3+ 32. Kc2 Qe4+ 33. Kxc3 b4+ 34. Kb2 Qe2+ 35. Rd2 Qe5+ 36. Kb1 Qe4+
37. Kc1 1-0

[Event "CHN-chT 3rd"]
[Site "China"]
[Date "2007.04.26"]
[Round "3"]
[White "Tian, Tian"]
[Black "Hou, Yifan"]
[Result "0-1"]
[WhiteElo "2266"]
[BlackElo "2513"]
[PlyCount "138"]
[EventDate "2007.04.??"]
[EventType "team-tourn"]
[EventRounds "18"]
[EventCountry "CHN"]
[SourceTitle "EXT 2017"]
[Source "ChessBase"]
[SourceDate "2016.10.25"]
[SourceVersion "1"]
[SourceVersionDate "2016.10.25"]
[SourceQuality "1"]

1. e4 c5 2. Nc3 e6 3. Nge2 Nc6 4. h3 $6 (4. d4 cxd4 5. Nxd4 a6 6. Be3 Nf6 7. a3
Be7 8. Qf3 O-O 9. O-O-O Qc7 10. Be2 b5 11. Qg3 Ne5 12. f4 Bxa3 13. Kb1 Bxb2 14.
fxe5 Nh5 15. Bxh5 Bxc3 16. Bh6 g6 17. Bxf8 Kxf8 18. Rd3 b4 19. Rf1 Qa5 20. Nb3
Qa3 21. Rxc3 bxc3 22. Qxc3 gxh5 23. Qf3 Qe7 24. Qxh5 Rb8 25. Qxh7 Ke8 26. Rf3
Bb7 27. Rg3 Kd8 28. Rg8+ Kc7 29. Rxb8 Kxb8 30. Qh8+ Kc7 31. Qf6 Qb4 32. Kb2
Bxe4 33. Qxf7 Bxg2 {Vallejo Pons,F (2684)-Andreikin,D (2720) Berlin 2015 0-1})
4... Nf6 5. g3 Be7 6. Bg2 a6 7. O-O O-O 8. a4 Rb8 9. b3 $146 (9. d4 cxd4 10.
Nxd4 d6 11. Be3 Qc7 12. Qd2 Bd7 13. Nxc6 bxc6 14. a5 c5 15. b3 Bc6 16. Rfe1 Qb7
17. Qd3 Rbd8 18. Bc1 d5 19. e5 Ne8 20. Na4 Nc7 21. Nb6 f5 22. h4 d4 23. Bxc6
Qxc6 24. Bd2 Nd5 25. Qxa6 f4 26. Qe2 fxg3 27. fxg3 Nxb6 28. axb6 d3 29. cxd3
Rf3 30. Bf4 Rfxd3 31. Red1 Rxb3 32. Ra7 Rxd1+ 33. Qxd1 Rb2 34. Qf1 c4 35. Be3
Qe8 36. b7 Bd8 37. Qxc4 Qg6 38. Bf4 Bb6+ {Roos,J (2405)-Koch,J (2480) France
1994 1/2-1/2}) 9... d5 10. exd5 exd5 11. d4 Bf5 12. Be3 Nb4 13. Rc1 Rc8 14.
dxc5 Bxc5 15. Nd4 Bg6 16. Nce2 Re8 17. c4 Nd3 18. Rc3 dxc4 19. bxc4 Bxd4 20.
Nxd4 Nc5 21. Rc1 Be4 22. Nf3 Qa5 23. Bxc5 Qxc5 24. Qb3 Bc6 25. Rcd1 Qa5 26. Rb1
Ne4 27. Qb6 Qxb6 28. Rxb6 Rcd8 29. a5 f6 30. Re1 Nd6 (30... Nc5 $15) 31. Rc1
Nf7 32. Nh4 Bxg2 33. Nxg2 Rd7 34. Ne3 Ne5 35. Rcb1 Rd2 36. R1b2 Rxb2 37. Rxb2
Re7 38. Nd5 Rd7 39. Nb6 Rd1+ 40. Kg2 Nc6 41. Ra2 Rc1 42. Kf3 Kf7 43. Ke2 Ke6
44. Kd2 Rb1 45. Na4 Kd6 46. c5+ Ke6 47. Nc3 Rb4 48. Ne2 Rb5 49. Nf4+ Kf7 50.
Nd3 Nxa5 51. Kc3 Nc6 52. Rb2 Rxb2 53. Nxb2 Ke6 54. Kc4 Kd7 55. f4 Ne7 56. Nd3
Kc6 57. Nb4+ Kc7 58. g4 b5+ (58... f5 $17) 59. cxb6+ Kxb6 60. Nd3 a5 61. h4 Kc6
62. h5 h6 63. Kb3 Kd5 $19 64. Nf2 Kd4 65. Nh3 Ke3 66. g5 Nd5 67. gxh6 gxh6 68.
Ng5 fxg5 69. fxg5 hxg5 0-1